000
00354pab a2200157 454500
008
180718b1999 xxu||||| |||| 00| 0 eng d
100
_a
Gill, K.P.S.
245
_a
Needed, factual bases to judge police
260
_c
1999
300
_a
p.6
362
_a
15 May
650
_a
Police - India
650
_a
Police
773
_a
Pioneer
909
_a
42314
999
_c
42314
_d
42314